Las Ciencias Naturales en la educación básica: fundamento y métodos

Saved in:
Bibliografiske detaljer
Hovedforfatter: George, Kenneth D
Andre forfattere: Dietz, Maureen A, Abraham, Eugene C, Nelson, Miles A
Format: Bog
Sprog:spansk
Udgivet: Madrid Santillana 1977
Serier:Aula XXI. Educación Abierta-Santillana
Fag:
Tags: Tilføj Tag
Ingen Tags, Vær først til at tagge denne postø!

MARC

LEADER 00000nam a2200000 a 4500
001 UCY8603
003 CL-VaPUC
005 20250220161845.0
008 950703e19770000SP |||||||||||||||||spa|d
999 |c 235832  |d 235830 
040 |c Pontificia Universidad Católica de Valparaíso 
082 0 4 |a 372.35 GEO 1977  |2 21 
100 |a George, Kenneth D  |9 340128 
245 1 4 |a Las Ciencias Naturales en la educación básica: fundamento y métodos 
260 |a Madrid  |b Santillana  |c 1977 
300 |a 328 páginas 
490 0 |a Aula XXI. Educación Abierta-Santillana 
583 |a last modification  |c 20170822 12:46:40  |k Rodrigo Vera 
650 0 |a Educación científica   |9 307484 
650 0 |a Educación básica   |9 224933 
650 0 |a Métodos de enseñanza  |9 270413 
650 7 |a TESTS DE PROGRESO ESCOLAR  |2 CL-VaPUC  |9 339860 
700 0 |a Dietz, Maureen A  |9 340129 
700 0 |a Abraham, Eugene C  |9 340130 
700 0 |a Nelson, Miles A  |9 340131 
942 |c BK  |2 ddc 
945 |d 19950703 00:00:00  |a cmena 
952 |0 0  |1 0  |2 ddc  |4 0  |6 372_350000000000000_GEO_1977  |7 0  |8 P  |9 243489  |a BIBEDU  |b BIBEDU  |c BIBEDU_PB  |d 2019-11-18  |i 1526316  |o 372.35 GEO 1977  |p 1526316  |r 2024-01-25  |t 4  |w 2019-11-18  |y BK  |k EDU 
952 |0 0  |1 0  |2 ddc  |4 0  |6 372_350000000000000_GEO_1977  |7 0  |8 P  |9 243490  |a BIBEDU  |b BIBEDU  |c BIBEDU_PB  |d 2019-11-18  |i 1526324  |o 372.35 GEO 1977  |p 1526324  |r 2024-01-25  |t 5  |w 2019-11-18  |y BK  |k EDU 
952 |0 0  |1 0  |2 ddc  |4 0  |6 372_350000000000000_GEO_1977  |7 0  |8 A  |9 243491  |a BIBCUR  |b BIBCUR  |d 2019-11-18  |i 291834K  |o 372.35 GEO 1977  |p 291834K  |r 2025-04-22  |t 1  |w 2019-11-18  |y BK  |k BIO 
952 |0 0  |1 0  |2 ddc  |4 0  |6 372_350000000000000_GEO_1977  |7 0  |8 A  |9 243492  |a BIBCUR  |b BIBCUR  |d 2019-11-18  |i 2672545  |o 372.35 GEO 1977  |p 2672545  |r 2025-04-22  |t 2  |w 2019-11-18  |y BK  |k BIO 
952 |0 0  |1 0  |2 ddc  |4 0  |6 372_350000000000000_GEO_1977  |7 0  |8 A  |9 243493  |a BIBCUR  |b BIBCUR  |d 2019-11-18  |i 2646633  |o 372.35 GEO 1977  |p 2646633  |r 2025-04-22  |t 3  |w 2019-11-18  |y BK  |k BIO